000
00321nam a2200133Ia 4500
005
20251222144853.0
008
251222s9999||||xx |||||||||||||| ||spa||
020
_a
978-603-45073-8-8
082
_a
345.85/C81
100
_a
Cirión, Aitziber Emaldi
245
0
_a
Temas de Derecho Penal:
264
_b
Adrus
942
_c
LIB
999
_c
21670
_d
21670